| 000 | 00781nam a2200229Ia 4500 | ||
|---|---|---|---|
| 001 | L248-14883 | ||
| 003 | IT-CnALBA | ||
| 008 | 170116s9999||||xx |||||||||||||| ||und|| | ||
| 040 |
_aIT-CnALBA _cIT-CnALBA |
||
| 041 | _aITALIANO | ||
| 100 | _aDÈ LIGUORI M. ALFONSO, SANTO, DOTTORE. | ||
| 245 | 0 | _aAPPARECCHIO ALLA MORTE. | |
| 250 | _a10a ed. | ||
| 260 |
_aCINISELLO BALSAMO (MI) _bEDIZIONI PAOLINE _c1965 [1° Ed.: n.d.] |
||
| 300 | _a406 p. (prefazione: 7) | ||
| 500 | _aDOPPIONE. CONFRONTA DOCUMENTI 2822 E 7232. | ||
| 501 | _aSocietà San Paolo EM - Piazza San Paolo, 14 - 12051 ALBA (CN) (non commercial uses only) ® Copyright 2017 | ||
| 520 | _aDOPPIONE. CONFRONTA DOCUMENTI 2822 E 7232. | ||
| 650 | _aASCETICA E MISTICA | ||
| 942 | _cBK | ||
| 957 | _71 | ||
| 999 |
_a19633 _bNO _g Copie: 1 _c274054 _d274054 |
||